Greece : a traveller's guide to the sites, monuments and history

Αποθηκεύτηκε σε:
Λεπτομέρειες βιβλιογραφικής εγγραφής
Κύριος συγγραφέας: Καρποδίνη-Δημητριάδη, Ευφροσύνη
Μορφή: Βιβλίο
Γλώσσα:English
Δημοσίευση: Athens : Ekdotike Athenon, 1992
Θέματα:
Ετικέτες: Προσθήκη ετικέτας
Δεν υπάρχουν, Καταχωρήστε ετικέτα πρώτοι!

MARC

LEADER 00000nam a2200000 i 4500
001 1/75248
008 971030s1992 eng d
020 |a 960-213-019-9 
035 |a 1992  |b 3  |c Ανθουλιάς  |l 10032075 
040 |a GR-MY-UA  |b gre  |e aacr 
041 0 |a eng 
082 0 |a 914.95 
100 1 |a Καρποδίνη-Δημητριάδη, Ευφροσύνη. 
245 1 0 |a Greece :  |b a traveller's guide to the sites, monuments and history /  |c E. Karpodini-Dimitriadi 
260 |a Athens :   |b Ekdotike Athenon,   |c 1992 
300 |a 210 p. 
500 |a With a large fold-out map 
500 |a With a large fold-out map 
651 0 |a Greece  |x Description and travel  |x Guidebooks. 
651 0 |a Greece  |x Antiquities. 
651 0 |a Greece  |x Guidebooks. 
852 |a INST  |b RHODES  |e 19971030  |h 914.95 ΚΑΡ  |p 005400009704  |q 005400009704  |t REF  |y 23 
909 |a Ρ  |b 024342  |c 1992